| 000 -LEADER |
| fixed length control field |
00504cam a22001577a 4500 |
| 008 - FIXED-LENGTH DATA ELEMENTS--GENERAL INFORMATION |
| fixed length control field |
120829s1998 maua c 000 1 eng |
| 010 ## - LIBRARY OF CONGRESS CONTROL NUMBER |
| LC control number |
2012418527 |
| 020 ## - INTERNATIONAL STANDARD BOOK NUMBER |
| International Standard Book Number |
9780152047344 (pbk.) |
| 050 00 - LIBRARY OF CONGRESS CALL NUMBER |
| Classification number |
PZ7.N8248 |
| Item number |
Blb 1998b |
| 082 00 - DEWEY DECIMAL CLASSIFICATION NUMBER |
| Classification number |
823.914 NOR |
| Edition number |
23 |
| 100 1# - MAIN ENTRY--PERSONAL NAME |
| Personal name |
Norton, Mary. |
| 245 14 - TITLE STATEMENT |
| Title |
The borrowers aloft : |
| Remainder of title |
with the short tale Poor Stainless / |
| Statement of responsibility, etc. |
Mary Norton ; illustrated by Beth and Joe Krush. |
| 260 ## - PUBLICATION, DISTRIBUTION, ETC. |
| Place of publication, distribution, etc. |
Boston : |
| Name of publisher, distributor, etc. |
Sandpiper, |
| Date of publication, distribution, etc. |
c1998. |
| 300 ## - PHYSICAL DESCRIPTION |
| Extent |
224 p. : |
| Other physical details |
ill. ; |
| Dimensions |
20 cm. |
| 942 ## - ADDED ENTRY ELEMENTS (KOHA) |
| Source of classification or shelving scheme |
|